MARC details
| 000 -LEADER |
| fixed length control field |
03651cam a2200361 a 4500 |
| 001 - CONTROL NUMBER |
| control field |
15966041 |
| 003 - CONTROL NUMBER IDENTIFIER |
| control field |
ARRUPE |
| 005 - DATE AND TIME OF LATEST TRANSACTION |
| control field |
20200312122636.0 |
| 008 - FIXED-LENGTH DATA ELEMENTS--GENERAL INFORMATION |
| fixed length control field |
091029s2009 sa b 001 0 eng |
| 010 ## - LIBRARY OF CONGRESS CONTROL NUMBER |
| LC control number |
2009404416 |
| 020 ## - INTERNATIONAL STANDARD BOOK NUMBER |
| International Standard Book Number |
9781869141677 (pbk.) |
| 020 ## - INTERNATIONAL STANDARD BOOK NUMBER |
| International Standard Book Number |
1869141679 (pbk.) |
| 035 ## - SYSTEM CONTROL NUMBER |
| System control number |
(OCoLC)ocn401141564 |
| 040 ## - CATALOGING SOURCE |
| Original cataloging agency |
BTCTA |
| Transcribing agency |
BTCTA |
| Modifying agency |
OI@ |
| -- |
EMU |
| -- |
GHS |
| -- |
YDXCP |
| -- |
DLC |
| 042 ## - AUTHENTICATION CODE |
| Authentication code |
lccopycat |
| 043 ## - GEOGRAPHIC AREA CODE |
| Geographic area code |
f-sa--- |
| 050 00 - LIBRARY OF CONGRESS CALL NUMBER |
| Classification number |
BL2470.S6 |
| Item number |
R453 2009 |
| 082 04 - DEWEY DECIMAL CLASSIFICATION NUMBER |
| Classification number |
201.70968 |
| Edition number |
22 |
| 300 ## - PHYSICAL DESCRIPTION |
| Dimensions |
22 cm. |
| 245 00 - TITLE STATEMENT |
| Title |
Religion and spirituality in South Africa : |
| Remainder of title |
new perspectives / |
| Statement of responsibility, etc |
edited by Duncan Brown. |
| 260 ## - PUBLICATION, DISTRIBUTION, ETC. (IMPRINT) |
| Place of publication, distribution, etc |
Scottsville, South Africa : |
| Name of publisher, distributor, etc |
University of KwaZulu-Natal Press, |
| Date of publication, distribution, etc |
c2009. |
| 300 ## - PHYSICAL DESCRIPTION |
| Extent |
x, 294 p. ; |
| 504 ## - BIBLIOGRAPHY, ETC. NOTE |
| Bibliography, etc |
Includes bibliographical references and index. |
| 505 00 - FORMATTED CONTENTS NOTE |
| Miscellaneous information |
Introduction: |
| Title |
Religion, spirituality and the postcolonial: a perspective from the south / |
| Statement of responsibility |
Duncan Brown -- |
| Title |
South African Constitutional Court's reading of the right to freedom of religion / |
| Statement of responsibility |
Patrick Lenta -- |
| Title |
Faith-based organisations, local governance and citizenship in South Africa / |
| Statement of responsibility |
Laurence Piper -- |
| Title |
Thabo Mbeki's Bible: the role of religion in the South African public realm after liberation / |
| Statement of responsibility |
Gerald West -- |
| Title |
Islamisation and Muslim institutions/organisations in South Africa / |
| Statement of responsibility |
Suleman Dangor -- |
| Title |
Modern pagan witch: negotiating a contested religious identity in post-apartheid South Africa / |
| Statement of responsibility |
Dale Wallace -- |
| Title |
Decline of Islamist discourse and the rise of new spiritualities in South African Islam? / |
| Statement of responsibility |
Tahir Fuzile Sitoto -- |
| Title |
Exorcising the past: voices for the present / |
| Statement of responsibility |
Michael Green -- |
| Title |
Eastern mosaic: shades of Hindu women in South African media / |
| Statement of responsibility |
Subeshini Moodley -- |
| Title |
Remembering the Bushmen: nostalgia and postcolonial spiritualities / |
| Statement of responsibility |
Dennis Walder -- |
| Title |
'Speaking with our spirits': the representation of religion in Marlene van Niekerk's Agaat / |
| Statement of responsibility |
Cheryl Stobie -- |
| Title |
Building a new society using the building blocks of Ubuntu/Botho/Vhuthu / |
| Statement of responsibility |
Mbulelo Vizikhungo Mzamane -- |
| Title |
Mediation of public and private selves in the performance of sermons and narratives of near-death experiences in the Nazarite Church / |
| Statement of responsibility |
Nkosinathi Sithole -- |
| Miscellaneous information |
Afterword: |
| Title |
Embedded knowledges and the challenges of the postcolonial project / |
| Statement of responsibility |
Ahmed Bawa. |
| 520 ## - SUMMARY, ETC. |
| Summary, etc |
"Religion and spirituality are closely woven into the fabric of South African public and private life - though not always seamlessly or in matching thread. This book is concerned with the role of religion and spirituality in individual identity and belief, as well as in the public spheres of governance and policy-making. It brings together significant researchers from various disciplinary perspectives, ranging from law and politics to theology, literature and media studies, with the aim of investigating new critical approaches to religion and spirituality, particularly in the postcolony/South. The authors engage seriously with the challenge of accounting for the range and power of religious and spiritual discourses that run through individual and communal identification. This volume provides stimulation for further thought and work in this crucial area of South African, and postcolonial, study and life"--Cover. |
| 650 #0 - SUBJECT ADDED ENTRY--TOPICAL TERM |
| Topical term or geographic name as entry element |
Spirituality |
| Geographic subdivision |
South Africa. |
| 9 (RLIN) |
31212 |
| 650 #0 - SUBJECT ADDED ENTRY--TOPICAL TERM |
| Topical term or geographic name as entry element |
Religion and sociology |
| Geographic subdivision |
South Africa. |
| 9 (RLIN) |
49629 |
| 651 #0 - SUBJECT ADDED ENTRY--GEOGRAPHIC NAME |
| Geographic name |
South Africa |
| General subdivision |
Religion. |
| 9 (RLIN) |
25884 |
| 700 1# - ADDED ENTRY--PERSONAL NAME |
| Personal name |
Brown, Duncan, |
| Dates associated with a name |
1964- |
| 9 (RLIN) |
38285 |
| 906 ## - LOCAL DATA ELEMENT F, LDF (RLIN) |
| a |
7 |
| b |
cbc |
| c |
copycat |
| d |
3 |
| e |
ncip |
| f |
20 |
| g |
y-gencatlg |
| 942 ## - ADDED ENTRY ELEMENTS (KOHA) |
| Source of classification or shelving scheme |
Library of Congress Classification |
| Koha item type |
Monograph ( Printed materials) |